00257nam a2200097Ia 4500008004100000040000800041082001700049100003200066245005100098264001000149231129s9999||||xx |||||||||||||| ||spa|| bspa a352.008 U76s aUribe-Echavarria Francisco 0aEl sector informal en las ciudades intermedias aCerec